[Event "3o Piacenza Chess Festival - Open C"]
[Site "Piacenza ITA"]
[Date "2025.10.24"]
[Round "1.1"]
[White "LUI, Maurizio"]
[Black "PAGNANINI, Andrea"]
[Result "0-1"]
[WhiteElo "1540"]
[BlackElo "1688"]
[PlyCount "107"]
[EventDate "2025.10.24"]

1. d4 Nf6 2. Nf3 g6 3. Nc3 Bg7 4. Bf4 d6 5. e4 O-O 6. Qd2 Re8 7. O-O-O a5 8. e5
Nfd7 9. h4 h5 10. Bh6 Bh8 11. Bd3 dxe5 12. d5 Nc5 13. Bc4 Nbd7 14. Ng5 Nb6 15.
Bb5 Bd7 16. f3 Bxb5 17. Nxb5 Qd7 18. Nc3 Nc4 19. Qe2 Nd6 20. Nce4 Ncxe4 21.
Nxe4 Qa4 22. Nc3 Qb4 23. a3 Qb6 24. Be3 Qa6 25. Qxa6 Rxa6 26. g4 hxg4 27. fxg4
Nc4 28. Bf2 Rf6 29. Rdf1 Rf4 30. g5 e4 31. Bg3 Rxf1+ 32. Rxf1 c6 33. dxc6 bxc6
34. Re1 Nxa3 35. Nxe4 Nc4 36. c3 Ne5 37. Re2 Nc4 38. Nd6 Nxd6 39. Bxd6 Kf8 40.
Bg3 Ra8 41. Kc2 Ke8 42. Kb3 Bg7 43. Bd6 Bf8 44. Ka4 Rd8 45. Bc7 Rd5 46. Bxa5
Rf5 47. Re4 Kd7 48. Bb6 Rb5 49. Rb4 Rd5 50. Rd4 e5 51. Re4 Ke6 52. c4 Rd2 53.
b4 Rb2 54. b5 0-1

[Event "3o Piacenza Chess Festival - Open C"]
[Site "Piacenza ITA"]
[Date "2025.10.24"]
[Round "1.2"]
[White "CRISCI, Carlo"]
[Black "CANELLI, Nicolino"]
[Result "1/2-1/2"]
[WhiteElo "1665"]
[BlackElo "1496"]
[PlyCount "110"]
[EventDate "2025.10.24"]

1. e4 c6 2. d4 d5 3. exd5 cxd5 4. Bd3 Nc6 5. c3 Nf6 6. Bf4 Qb6 7. Qc2 g6 8. Nf3
Bg7 9. Nbd2 Bd7 10. O-O O-O 11. Rfe1 Rfe8 12. Re2 Nh5 13. Bg5 Qc7 14. Rae1 e6
15. Nb3 b6 16. Qd2 a5 17. Bh6 a4 18. Nc1 Na5 19. Bxg7 Kxg7 20. Ne5 Nc6 21. Ng4
Qf4 22. Qxf4 Nxf4 23. Re3 h5 24. Ne5 Nxe5 25. Rxe5 Nxd3 26. Nxd3 Bb5 27. Nb4
Bd7 28. a3 b5 29. f4 h4 30. Kf2 Rh8 31. h3 Rhf8 32. Nd3 Bc6 33. Kg1 Rae8 34.
Kh2 Bd7 35. Nc5 Bc8 36. g3 hxg3+ 37. Kxg3 Rh8 38. h4 Rh7 39. R5e2 Reh8 40. Rh2
Kf6 41. Re5 Ke7 42. Nd3 f6 43. Re3 g5 44. fxg5 fxg5 45. h5 Rxh5 46. Rxh5 Rxh5
47. Kg4 Rh7 48. Kxg5 Rg7+ 49. Kh6 Rf7 50. Kg6 Rf6+ 51. Kg5 Rf5+ 52. Kg4 Rf6 53.
Kg3 Rg6+ 54. Kf2 Rf6+ 55. Ke2 Rh6 1/2-1/2

[Event "3o Piacenza Chess Festival - Open C"]
[Site "Piacenza ITA"]
[Date "2025.10.24"]
[Round "1.3"]
[White "IANNONE, Raffaella"]
[Black "NEGRI, Fabio"]
[Result "0-1"]
[WhiteElo "1494"]
[BlackElo "1652"]
[PlyCount "73"]
[EventDate "2025.10.24"]

1. e4 e5 2. Nf3 Nc6 3. Bc4 Bc5 4. b4 Bxb4 5. c3 Ba5 6. d4 exd4 7. Qb3 Qe7 8.
O-O h6 9. Ba3 d6 10. cxd4 Bb6 11. Bb5 Bd7 12. Bxc6 Bxc6 13. Nc3 Qf6 14. e5 dxe5
15. d5 Bd7 16. Nxe5 O-O-O 17. Nxd7 Rxd7 18. Rac1 Kb8 19. Na4 Ne7 20. Nxb6 Qxb6
21. Qc3 f6 22. d6 cxd6 23. Rb1 Qc6 24. Qg3 Nf5 25. Qg4 g6 26. Rfc1 Qd5 27. Qa4
Qf7 28. Rb5 Rc7 29. Rcb1 Qd7 30. Qd1 Rd8 31. Qg4 Qc6 32. R5b3 Re8 33. h3 Re4
34. Qd1 d5 35. Rc1 Qd7 36. Rxc7 Qxc7 37. Qxd5 0-1

[Event "3o Piacenza Chess Festival - Open C"]
[Site "Piacenza ITA"]
[Date "2025.10.24"]
[Round "1.4"]
[White "FOLCINI, Gaddo"]
[Black "MANTOVANI, Rafael Enzo"]
[Result "1-0"]
[WhiteElo "1648"]
[BlackElo "1475"]
[PlyCount "67"]
[EventDate "2025.10.24"]

1. e4 e6 2. d4 d5 3. e5 c5 4. c3 Nc6 5. Nf3 Bd7 6. Bd3 Rc8 7. O-O cxd4 8. cxd4
Nb4 9. Nc3 Nxd3 10. Qxd3 a6 11. Bf4 Qb6 12. Rfc1 Ne7 13. a4 Nf5 14. g4 Ne7 15.
a5 Qa7 16. Qd1 Ng6 17. Be3 Be7 18. Na4 Rxc1 19. Rxc1 O-O 20. Nb6 Bc6 21. Bd2
Bd8 22. Bb4 Bxb6 23. Bxf8 Nxf8 24. axb6 Qxb6 25. b3 Nd7 26. g5 a5 27. h4 g6 28.
Nh2 Qa6 29. Ng4 Kg7 30. Nf6 Nxf6 31. gxf6+ Kg8 32. Qd2 Qa8 33. Rc5 b6 34. Qh6
1-0

[Event "3o Piacenza Chess Festival - Open C"]
[Site "Piacenza ITA"]
[Date "2025.10.24"]
[Round "1.5"]
[White "PORISINI, Gabriele"]
[Black "RAIMONDI, Celso"]
[Result "1-0"]
[WhiteElo "1463"]
[BlackElo "1641"]
[PlyCount "88"]
[EventDate "2025.10.24"]

1. e4 c5 2. Nf3 e6 3. d4 cxd4 4. Nxd4 Nf6 5. Nc3 d6 6. Be3 a6 7. h3 Be7 8. Qd2
O-O 9. O-O-O Nc6 10. Be2 Nxd4 11. Bxd4 b5 12. g4 Bb7 13. Bxf6 Bxf6 14. Qxd6
Qxd6 15. Rxd6 Bxc3 16. bxc3 Bxe4 17. f3 Bd5 18. Kb2 g6 19. Rd1 Rfc8 20. Rd4 Rc7
21. f4 Rac8 22. Rd3 Rc6 23. Rxc6 Rxc6 24. Bf3 Bxf3 25. Rxf3 Rc5 26. Rd3 Rd5 27.
Rxd5 exd5 28. Kb3 a5 29. a4 bxa4+ 30. Kxa4 Kf8 31. Kxa5 Ke7 32. Kb5 Kd6 33. c4
dxc4 34. Kxc4 Kc6 35. Kd4 f6 36. h4 h6 37. g5 fxg5 38. hxg5 hxg5 39. fxg5 Kd6
40. c4 Kc6 41. c5 Kc7 42. Ke5 Kc6 43. Kf6 Kxc5 44. Kxg6 Kd6 1-0

[Event "3o Piacenza Chess Festival - Open C"]
[Site "Piacenza ITA"]
[Date "2025.10.24"]
[Round "1.6"]
[White "COSTA, Luciano"]
[Black "COSTA, Vittorio"]
[Result "1-0"]
[WhiteElo "1625"]
[BlackElo "1455"]
[PlyCount "103"]
[EventDate "2025.10.24"]

1. c4 e6 2. Nc3 Nf6 3. e4 d6 4. d4 c6 5. Nf3 Be7 6. Bd3 O-O 7. O-O Qc7 8. h3 h6
9. Qc2 Nbd7 10. Be3 b6 11. Rfe1 Bb7 12. Rac1 a6 13. a3 e5 14. d5 c5 15. Nh4 Kh7
16. Nf5 Ng8 17. Nxe7 Nxe7 18. Ne2 g5 19. Ng3 Nf6 20. Qd2 Nfg8 21. Be2 f5 22.
exf5 Nxf5 23. Nxf5 Rxf5 24. Bd3 Bc8 25. g4 Qf7 26. Bxf5+ Bxf5 27. gxf5 Qxf5 28.
Qc2 Ne7 29. Qxf5+ Nxf5 30. Kg2 Rf8 31. b4 Nh4+ 32. Kf1 Rf3 33. bxc5 bxc5 34.
Rb1 Rxh3 35. Rb6 Rh1+ 36. Ke2 Rxe1+ 37. Kxe1 Nf5 38. Rxa6 g4 39. a4 h5 40. Kf1
g3 41. a5 gxf2 42. Bxf2 Kg6 43. Bxc5 Kg5 44. Bxd6 Ne3+ 45. Kg1 Nxc4 46. Be7+
Kf5 47. Rf6+ Ke4 48. d6 Nxa5 49. d7 Nb7 50. Rb6 Na5 51. d8=Q Nc4 52. Rb4 1-0

[Event "3o Piacenza Chess Festival - Open C"]
[Site "Piacenza ITA"]
[Date "2025.10.24"]
[Round "1.7"]
[White "BENEDETTI, Giulia"]
[Black "MAGGI, Stefano"]
[Result "0-1"]
[WhiteElo "1399"]
[BlackElo "1620"]
[PlyCount "46"]
[EventDate "2025.10.24"]

1. e4 e6 2. d4 d5 3. e5 c5 4. c3 Nc6 5. Nf3 cxd4 6. cxd4 Nge7 7. Be2 Nf5 8. O-O
Qb6 9. Qa4 Nfxd4 10. Nxd4 Qxd4 11. Qb5 a6 12. Qb3 Qxe5 13. f4 Qxe2 14. Nc3 Qh5
15. Bd2 Bc5+ 16. Kh1 O-O 17. Rae1 Nd4 18. Qd1 Qxd1 19. Rxd1 Nf5 20. Na4 Ba7 21.
Rc1 Bd7 22. Nc5 Bc6 23. Be3 Nxe3 0-1

[Event "3o Piacenza Chess Festival - Open C"]
[Site "Piacenza ITA"]
[Date "2025.10.24"]
[Round "1.8"]
[White "CHIARELLI, Massimo"]
[Black "DUQUE BURBANO, Radharani"]
[Result "0-1"]
[WhiteElo "1611"]
[BlackElo "1399"]
[PlyCount "92"]
[EventDate "2025.10.24"]

1. b4 e5 2. a3 d5 3. Bb2 c5 4. bxc5 d4 5. Nf3 Nc6 6. c3 Bxc5 7. cxd4 exd4 8. d3
Nf6 9. Qc2 Qb6 10. Nbd2 Bf5 11. Nb3 Bd6 12. Nbxd4 Nxd4 13. Bxd4 Qa5+ 14. Bc3
Qc7 15. Rc1 Rc8 16. Qb2 O-O 17. Nd4 Be5 18. Nb5 Bxc3+ 19. Nxc3 Qa5 20. g3 Nd5
21. Kd2 Rxc3 22. Rxc3 Rc8 23. e4 Nxc3 24. Qb4 Qxb4 25. axb4 Nb1+ 26. Ke3 Bd7
27. Bh3 Bxh3 28. Rxb1 Be6 29. Rb2 h6 30. f4 g6 31. h4 Rc3 32. Kd4 Rb3 33. Rxb3
Bxb3 34. e5 b6 35. Kc3 Be6 36. b5 Kg7 37. d4 f6 38. Kb4 Bd5 39. Kc3 g5 40. f5
gxh4 41. gxh4 Be4 42. e6 Bxf5 43. d5 Kf8 44. Kd4 Ke7 45. Kc4 Bxe6 46. dxe6 Kxe6
0-1

[Event "3o Piacenza Chess Festival - Open C"]
[Site "Piacenza ITA"]
[Date "2025.10.24"]
[Round "1.9"]
[White "KARAPETYAN, Sofi"]
[Black "VARLI, Mehmet Fatih"]
[Result "0-1"]
[WhiteElo "1399"]
[BlackElo "1607"]
[PlyCount "36"]
[EventDate "2025.10.24"]

1. d4 Nf6 2. Nc3 g6 3. f4 d5 4. Nf3 b6 5. g3 c5 6. e3 Bb7 7. Bb5+ Nbd7 8. Ne5
a6 9. Bxd7+ Nxd7 10. Qg4 Nf6 11. Qh4 Bg7 12. b3 b5 13. dxc5 d4 14. exd4 Qxd4
15. Ne2 Qxa1 16. f5 Qxe5 17. Rg1 Bf3 18. Bf4 Qxe2# 0-1

[Event "3o Piacenza Chess Festival - Open C"]
[Site "Piacenza ITA"]
[Date "2025.10.24"]
[Round "1.10"]
[White "DRUDI, Matteo"]
[Black "LOSIO, Antonio"]
[Result "1-0"]
[WhiteElo "1602"]
[BlackElo "1399"]
[PlyCount "80"]
[EventDate "2025.10.24"]

1. Nf3 Nf6 2. c4 e6 3. g3 g6 4. Bg2 Bg7 5. O-O O-O 6. Nc3 d5 7. d3 dxc4 8. dxc4
Qxd1 9. Rxd1 Nc6 10. a3 a6 11. Rb1 Na5 12. Nd2 Rb8 13. b4 Nc6 14. Bb2 Rd8 15.
Nde4 Nxe4 16. Rxd8+ Nxd8 17. Nxe4 Bxb2 18. Rxb2 Nc6 19. Rd2 e5 20. Nf6+ Kg7 21.
Nd5 Be6 22. Nxc7 Bxc4 23. Rc2 Bb5 24. Nxb5 axb5 25. Bxc6 bxc6 26. Rxc6 Ra8 27.
Rc5 Rxa3 28. Rxe5 Rb3 29. Rxb5 Kh6 30. Rb7 Rb2 31. e3 f5 32. h4 g5 33. hxg5+
Kxg5 34. b5 h5 35. b6 Kg4 36. Kg2 h4 37. gxh4 Kxh4 38. Rb8 Kg4 39. b7 f4 40.
Rg8+ Kf5 1-0

[Event "3o Piacenza Chess Festival - Open C"]
[Site "Piacenza ITA"]
[Date "2025.10.24"]
[Round "1.11"]
[White "MAGRI', Antonio"]
[Black "BERGONZI, Andrea"]
[Result "0-1"]
[WhiteElo "1399"]
[BlackElo "1598"]
[PlyCount "57"]
[EventDate "2025.10.24"]

1. e4 Nf6 2. Nc3 e5 3. Nf3 Nc6 4. d4 exd4 5. Nxd4 Nxd4 6. Qxd4 d6 7. Bg5 Be7 8.
O-O-O O-O 9. e5 Ng4 10. Bxe7 Qxe7 11. exd6 Qxd6 12. Ne4 Qb6 13. f3 Ne3 14. Qxb6
axb6 15. Rd3 Nxf1 16. Rxf1 Rxa2 17. Kb1 Ra4 18. Rfd1 h6 19. Rd8 Be6 20. Rxf8+
Kxf8 21. Rd8+ Ke7 22. Rb8 Ba2+ 23. Kc1 Bd5 24. Nc3 Ra1+ 25. Kd2 Bc6 26. Rc8 Kd7
27. Rf8 Ke6 28. Rc8 Rg1 29. Rxc7 0-1

[Event "3o Piacenza Chess Festival - Open C"]
[Site "Piacenza ITA"]
[Date "2025.10.24"]
[Round "1.12"]
[White "TIRELLI, Stefano"]
[Black "MANTOVANI, Beatrice Raiana"]
[Result "1-0"]
[WhiteElo "1593"]
[BlackElo "1399"]
[PlyCount "51"]
[EventDate "2025.10.24"]

1. d4 Nf6 2. Bf4 g6 3. Nf3 Bg7 4. e3 O-O 5. h3 d6 6. Be2 Nd5 7. Bg3 Nc6 8. c3
Bf5 9. Nbd2 Bd7 10. O-O f5 11. Bc4 Be6 12. Ng5 Qd7 13. Qe1 Rf6 14. e4 Nb6 15.
Bxe6+ Rxe6 16. Nxe6 Qxe6 17. d5 Nxd5 18. exd5 Qxd5 19. Nb3 e5 20. Rd1 Qe6 21.
Qd2 Bf6 22. Rfe1 f4 23. Bxf4 Qf5 24. Bg3 Bg5 25. Qd5+ Kg7 26. Na5 1-0

[Event "3o Piacenza Chess Festival - Open C"]
[Site "Piacenza ITA"]
[Date "2025.10.24"]
[Round "1.13"]
[White "OLIVEIRA PROVENZANO, Frederico"]
[Black "ROCCHI, Renato"]
[Result "0-1"]
[WhiteElo "1399"]
[BlackElo "1587"]
[PlyCount "60"]
[EventDate "2025.10.24"]

1. e4 c5 2. Nc3 d6 3. f4 a6 4. Nf3 Nc6 5. a4 Bg4 6. Bc4 e6 7. O-O Nf6 8. d3 Be7
9. h3 Bh5 10. g4 Nxg4 11. hxg4 Bxg4 12. Rf2 O-O 13. Rg2 Bh5 14. d4 cxd4 15. Nb1
e5 16. Be2 Qb6 17. Kf1 f6 18. f5 Rac8 19. Qe1 Nb4 20. Qg3 Rf7 21. Bc4 Rxc4 22.
Na3 Rc7 23. Nd2 d5 24. exd5 Nxd5 25. Nb3 Bxa3 26. bxa3 Ne3+ 27. Kf2 Nxg2 28.
Qxg2 Rxc2+ 29. Nd2 d3+ 30. Ke1 Qe3+ 0-1

[Event "3o Piacenza Chess Festival - Open C"]
[Site "Piacenza ITA"]
[Date "2025.10.24"]
[Round "1.14"]
[White "GARZIA, Tommaso"]
[Black "PIERSIMONI, Niccolo'"]
[Result "1-0"]
[WhiteElo "1585"]
[BlackElo "1399"]
[PlyCount "57"]
[EventDate "2025.10.24"]

1. e4 g6 2. d4 Bg7 3. Nf3 d6 4. c3 e5 5. dxe5 dxe5 6. Qxd8+ Kxd8 7. Ng5 h6 8.
Nxf7+ Ke8 9. Nxh8 Bxh8 10. Bc4 Nf6 11. Nd2 a6 12. O-O b5 13. Bb3 Bb7 14. Bc2
Nc6 15. Nf3 b4 16. Bd2 a5 17. Rfe1 a4 18. cxb4 Nd4 19. Nxd4 exd4 20. e5 Nh5 21.
Bxg6+ Ke7 22. Bxh5 Rd8 23. Bxh6 Ke6 24. Bg4+ Kf7 25. e6+ Kg6 26. e7 Re8 27.
Re6+ Kf7 28. Rae1 Bd5 29. Bh5+ 1-0

[Event "3o Piacenza Chess Festival - Open C"]
[Site "Piacenza ITA"]
[Date "2025.10.24"]
[Round "1.15"]
[White "POCI, Sara Angela Maria"]
[Black "DORATELLI, Leonardo"]
[Result "1-0"]
[WhiteElo "1399"]
[BlackElo "1567"]
[PlyCount "57"]
[EventDate "2025.10.24"]

1. e4 c5 2. Nf3 Nc6 3. d4 cxd4 4. Nxd4 Nf6 5. Nc3 e5 6. Nxc6 bxc6 7. Bd3 Bc5 8.
O-O O-O 9. Bc4 d5 10. exd5 cxd5 11. Nxd5 Nxd5 12. Bxd5 Qxd5 13. Qxd5 Bb6 14.
Qxa8 Ba6 15. Qd5 Bxf1 16. Kxf1 Rd8 17. Qf3 f6 18. Be3 Ba5 19. Bxa7 Rd2 20. Rc1
Kf7 21. Qb7+ Kg6 22. Qe4+ Kf7 23. Qxh7 Rd7 24. Qh5+ g6 25. Qh7+ Ke6 26. Qg8+
Kf5 27. Be3 g5 28. Qc8 Ke6 29. Rd1 1-0

[Event "3o Piacenza Chess Festival - Open C"]
[Site "Piacenza ITA"]
[Date "2025.10.24"]
[Round "1.16"]
[White "MARTINO, Gianluca"]
[Black "RENAI, Gianluca"]
[Result "1/2-1/2"]
[WhiteElo "1560"]
[BlackElo "1399"]
[PlyCount "96"]
[EventDate "2025.10.24"]

1. e4 c6 2. d4 d5 3. Nd2 dxe4 4. Nxe4 Bf5 5. Ng3 Bg6 6. Nf3 e6 7. h4 h6 8. h5
Bh7 9. Bd3 Bxd3 10. Qxd3 Nf6 11. Bd2 Nbd7 12. O-O-O Qc7 13. Qe2 Bd6 14. Nf5 O-O
15. Nxh6+ gxh6 16. Bxh6 Bf4+ 17. Bxf4 Qxf4+ 18. Kb1 Rfd8 19. Rh4 Qf5 20. Rdh1
Kf8 21. h6 Ke7 22. Qe1 a5 23. Qc3 Qb5 24. Qa3+ Qb4 25. Qxb4+ axb4 26. h7 Rh8
27. g4 Nf8 28. g5 N6xh7 29. Ne5 Rg8 30. f4 Nxg5 31. fxg5 Ng6 32. Nxg6+ Rxg6 33.
Rh8 Rxh8 34. Rxh8 Rxg5 35. a3 Rg1+ 36. Ka2 bxa3 37. Kxa3 Kd7 38. Kb4 Rg2 39.
Kb3 Kc7 40. Rh7 Rf2 41. Kc3 Kb6 42. Kd3 f5 43. Re7 Rf3+ 44. Ke2 Rh3 45. Rxe6
Rh2+ 46. Kd3 Kb5 47. Re5+ Kb4 48. Rxf5 Rh3+ 1/2-1/2

[Event "3o Piacenza Chess Festival - Open C"]
[Site "Piacenza ITA"]
[Date "2025.10.24"]
[Round "1.17"]
[White "SALERNO, Filippo"]
[Black "SCOVAZZI, Tullio"]
[Result "0-1"]
[WhiteElo "1399"]
[BlackElo "1555"]
[PlyCount "74"]
[EventDate "2025.10.24"]

1. d4 d5 2. c4 dxc4 3. e4 a6 4. Bxc4 e6 5. Ne2 b5 6. Bb3 Bb7 7. Nbc3 Nf6 8. Bg5
Be7 9. O-O Nxe4 10. Bxe7 Qxe7 11. Nxe4 Bxe4 12. Nf4 O-O 13. Re1 Bg6 14. d5 e5
15. Rc1 Qd6 16. Nxg6 hxg6 17. Re3 c5 18. Rh3 Nd7 19. Qg4 Qe7 20. Rh8+ Kxh8 21.
Qh3+ Kg8 22. Rd1 Rad8 23. d6 Qg5 24. g3 c4 25. Bc2 Rfe8 26. Qg2 Nb8 27. h4 Qf6
28. Be4 Rxd6 29. Rc1 Red8 30. Rc3 Rd2 31. Rf3 Qe7 32. Kh2 Rxb2 33. Rc3 Rdd2 34.
Rf3 c3 35. Qh3 Rxf2+ 36. Rxf2 Rxf2+ 37. Kg1 Qc5 0-1

[Event "3o Piacenza Chess Festival - Open C"]
[Site "Piacenza ITA"]
[Date "2025.10.24"]
[Round "1.18"]
[White "BRUNO, Carmine"]
[Black "STORARI, Asaph"]
[Result "1-0"]
[WhiteElo "1553"]
[BlackElo "1399"]
[PlyCount "57"]
[EventDate "2025.10.24"]

1. d4 d5 2. Nc3 Nf6 3. Bf4 c5 4. e3 cxd4 5. exd4 Nc6 6. Nb5 Qa5+ 7. c3 Kd7 8.
Nf3 a6 9. Ne5+ Nxe5 10. dxe5 e6 11. exf6 axb5 12. fxg7 Bxg7 13. Be2 Qa4 14. Qd2
Ke7 15. O-O Rd8 16. Bg5+ f6 17. Bh6 Bf8 18. Bxf8+ Rxf8 19. Qh6 Qe4 20. Bf3 Qg6
21. Qe3 Bd7 22. Bxd5 Kd8 23. Bxe6 Bxe6 24. Qxe6 Rg8 25. Rad1+ Kc7 26. Rd7+ Kb8
27. Qd6+ Ka7 28. Qc5+ Ka6 29. Rd6+ 1-0

[Event "3o Piacenza Chess Festival - Open C"]
[Site "Piacenza ITA"]
[Date "2025.10.24"]
[Round "2.1"]
[White "PAGNANINI, Andrea"]
[Black "TIRELLI, Stefano"]
[Result "0-1"]
[WhiteElo "1688"]
[BlackElo "1593"]
[PlyCount "137"]
[EventDate "2025.10.24"]

1. e4 d6 2. d4 Nf6 3. Nc3 Nbd7 4. Nf3 e5 5. Bg5 Be7 6. Bc4 O-O 7. O-O exd4 8.
Qxd4 c5 9. Qd2 a6 10. a4 Qc7 11. Bf4 Ne5 12. Be2 Bg4 13. Nxe5 dxe5 14. Be3 Rad8
15. Qe1 Be6 16. f3 h6 17. Qf2 b6 18. Bxa6 Qa7 19. Bb5 Nh7 20. Qg3 Ng5 21. h4
Nh7 22. Bxh6 Bf6 23. Be3 Qe7 24. h5 Bg5 25. Bxg5 Qxg5 26. Qxg5 Nxg5 27. Rfd1
Rd4 28. Ne2 Rdd8 29. Nc3 Rd4 30. Rxd4 cxd4 31. Ne2 Rc8 32. Bd3 Bc4 33. Rc1 Ne6
34. Bxc4 Rxc4 35. b3 Rc5 36. Kf1 Kh7 37. Ke1 Kh6 38. g4 g6 39. hxg6 Kxg6 40.
Kd2 Ng5 41. Rf1 Ne6 42. c3 dxc3+ 43. Nxc3 Nd4 44. b4 Rc4 45. Nd5 Rc2+ 46. Kd3
Rb2 47. f4 f6 48. fxe5 fxe5 49. Rf6+ Kg5 50. Rxb6 Rb3+ 51. Kc4 Kxg4 52. Rg6+
Kf3 53. Nc3 Ra3 54. Rg5 Kf4 55. Rh5 Nf3 56. b5 Nd2+ 57. Kb4 Rb3+ 58. Ka5 Rxc3
59. Ka6 Ra3 60. a5 Nc4 61. Rh4+ Kg3 62. Rh5 Rxa5+ 63. Kb7 Rxb5+ 64. Kc6 Ra5 65.
Rf5 Nd2 66. Kb6 Nc4+ 67. Kc6 Ne3 68. Rf8 Ra4 69. Rg8+ 0-1

[Event "3o Piacenza Chess Festival - Open C"]
[Site "Piacenza ITA"]
[Date "2025.10.24"]
[Round "2.2"]
[White "NEGRI, Fabio"]
[Black "GARZIA, Tommaso"]
[Result "1-0"]
[WhiteElo "1652"]
[BlackElo "1585"]
[PlyCount "53"]
[EventDate "2025.10.24"]

1. d4 d5 2. c4 c6 3. Nc3 Nf6 4. Nf3 e6 5. Qc2 Nbd7 6. e4 dxe4 7. Nxe4 Nxe4 8.
Qxe4 Nf6 9. Qc2 c5 10. Bg5 cxd4 11. O-O-O Bc5 12. b4 Be7 13. Rxd4 Qc7 14. Bf4
Bd6 15. Bxd6 Qd8 16. Bf8 Bd7 17. Bxg7 Rg8 18. Bxf6 Qxf6 19. Qd3 Qe7 20. Ne5 Bc8
21. Be2 a5 22. Rd1 Qxb4 23. Rd8+ Ke7 24. Rxg8 Kf6 25. Qf3+ Kxe5 26. Qg3+ Ke4
27. Rg4+ 1-0

[Event "3o Piacenza Chess Festival - Open C"]
[Site "Piacenza ITA"]
[Date "2025.10.24"]
[Round "2.3"]
[White "ROCCHI, Renato"]
[Black "FOLCINI, Gaddo"]
[Result "0-1"]
[WhiteElo "1587"]
[BlackElo "1648"]
[PlyCount "77"]
[EventDate "2025.10.24"]

1. e4 e5 2. Nf3 d5 3. Nc3 d4 4. Ne2 Nc6 5. Ng3 Nf6 6. Bb5 Bd6 7. O-O O-O 8. h3
Nb4 9. a3 c6 10. Bc4 b5 11. Bb3 Na6 12. d3 Nc5 13. Ba2 Na4 14. Bb3 Rb8 15. Bxa4
bxa4 16. b3 axb3 17. cxb3 Be6 18. b4 a5 19. Bd2 axb4 20. axb4 Bxb4 21. Bxb4
Rxb4 22. Nxe5 Qd6 23. f4 Rfb8 24. Qc1 c5 25. Rf2 h5 26. Nc4 Bxc4 27. e5 Qe6 28.
dxc4 Rxc4 29. Rc2 Rxc2 30. Qxc2 Nd7 31. Qe2 Qb3 32. Ra7 Qxg3 33. Qa2 Qe3+ 34.
Kh2 Qxf4+ 35. Kh1 Nxe5 36. Ra5 Qc1+ 37. Kh2 Rb2 38. Qa1 Qxa1 39. Rxa1 0-1

[Event "3o Piacenza Chess Festival - Open C"]
[Site "Piacenza ITA"]
[Date "2025.10.24"]
[Round "2.4"]
[White "SCOVAZZI, Tullio"]
[Black "COSTA, Luciano"]
[Result "1-0"]
[WhiteElo "1555"]
[BlackElo "1625"]
[PlyCount "87"]
[EventDate "2025.10.24"]

1. e4 e6 2. d4 d5 3. Nd2 c5 4. c3 cxd4 5. cxd4 dxe4 6. Nxe4 Nf6 7. Bd3 Nc6 8.
Nf3 Be7 9. O-O O-O 10. Be3 Bd7 11. Rc1 Rc8 12. Bb1 Nd5 13. a3 f5 14. Nc5 b6 15.
Nd3 Be8 16. Qe2 Bf7 17. Rc4 Nxe3 18. fxe3 e5 19. Ndxe5 Nxe5 20. Nxe5 Bxc4 21.
Nxc4 g6 22. Ba2 Kg7 23. Rd1 Bf6 24. Qd2 Re8 25. Qb4 Bg5 26. Re1 f4 27. Nd6 Be7
28. Nxe8+ Qxe8 29. Qd2 Bf6 30. e4 Rd8 31. d5 Be5 32. Rc1 Qe7 33. Rc6 Rd6 34. b4
Qf6 35. Rc7+ Kh6 36. Rxa7 Bd4+ 37. Kh1 Be3 38. Qd1 g5 39. h3 Qe5 40. Rf7 Kg6
41. Rb7 Qb2 42. e5 Qxe5 43. Qd3+ Kf6 44. Qxh7 1-0

[Event "3o Piacenza Chess Festival - Open C"]
[Site "Piacenza ITA"]
[Date "2025.10.24"]
[Round "2.5"]
[White "MAGGI, Stefano"]
[Black "BRUNO, Carmine"]
[Result "0-1"]
[WhiteElo "1620"]
[BlackElo "1553"]
[PlyCount "66"]
[EventDate "2025.10.24"]

1. d4 f5 2. c4 Nf6 3. Nc3 d6 4. Nf3 g6 5. Bg5 Bg7 6. Qd2 h6 7. Bxf6 Bxf6 8. e4
Nc6 9. Be2 e6 10. a3 a5 11. Qe3 e5 12. dxe5 dxe5 13. Rd1 Nd4 14. Nxd4 exd4 15.
Qd3 dxc3 16. Qg3 Qe7 17. O-O Qg7 18. exf5 Bxf5 19. bxc3 O-O 20. Rc1 Rfe8 21.
Bf3 c6 22. h4 Rad8 23. Bg4 Bxg4 24. Qxg4 Rd3 25. c5 Kh8 26. c4 Rd4 27. Qf3 Rxh4
28. Rb1 Bd4 29. Rfe1 Rf8 30. Qe2 Bxf2+ 31. Qxf2 Rxf2 32. Kxf2 Qd4+ 33. Kg3 Qf4#
0-1

[Event "3o Piacenza Chess Festival - Open C"]
[Site "Piacenza ITA"]
[Date "2025.10.24"]
[Round "2.6"]
[White "VARLI, Mehmet Fatih"]
[Black "PORISINI, Gabriele"]
[Result "0-1"]
[WhiteElo "1607"]
[BlackElo "1463"]
[PlyCount "108"]
[EventDate "2025.10.24"]

1. d4 Nf6 2. Bf4 d5 3. e3 e6 4. Nf3 c5 5. c3 Nc6 6. Bd3 c4 7. Bc2 b5 8. Nbd2 b4
9. O-O bxc3 10. bxc3 Qa5 11. Ba4 Bd7 12. Qc2 Be7 13. Rab1 O-O 14. Rb5 Qa6 15.
Rfb1 Nxd4 16. Nxd4 Bxb5 17. Bxb5 Qa3 18. Bc6 Rac8 19. Bb7 Rcd8 20. Nc6 Rd7 21.
Nxe7+ Qxe7 22. Bc6 Rdd8 23. Rb7 Qc5 24. Qa4 Rc8 25. Bb5 Ra8 26. Nf3 Ne4 27. Rc7
Qb6 28. Rc6 Nxc3 29. Rxb6 Nxa4 30. Ra6 Nc3 31. Nd4 Nxb5 32. Nxb5 Rfc8 33. Nc3
Kf8 34. Bd6+ Ke8 35. f4 Kd7 36. Be5 f6 37. Bd4 Rc6 38. Rxa7+ Rxa7 39. Bxa7 Ra6
40. Bc5 Ra5 41. Bb4 Ra6 42. Kf2 Rb6 43. a3 Kc6 44. Ke2 e5 45. Kd2 d4 46. exd4
exd4 47. Ne2 Kd5 48. g3 Re6 49. Bf8 c3+ 50. Nxc3+ dxc3+ 51. Kxc3 g5 52. fxg5
fxg5 53. Kd3 Rf6 54. Ke3 Rxf8 0-1

[Event "3o Piacenza Chess Festival - Open C"]
[Site "Piacenza ITA"]
[Date "2025.10.24"]
[Round "2.7"]
[White "DUQUE BURBANO, Radharani"]
[Black "DRUDI, Matteo"]
[Result "0-1"]
[WhiteElo "1399"]
[BlackElo "1602"]
[PlyCount "146"]
[EventDate "2025.10.24"]

1. e4 d5 2. exd5 Qxd5 3. Nc3 Qa5 4. d4 Nf6 5. Bd2 c6 6. Nf3 Qc7 7. Bc4 Bf5 8.
Ne5 e6 9. Bg5 Be7 10. f4 Nbd7 11. h3 Nb6 12. Bb3 Nfd5 13. g4 Bg6 14. Qf3 Bxg5
15. fxg5 O-O-O 16. O-O-O Qe7 17. h4 f6 18. gxf6 gxf6 19. Nxg6 hxg6 20. Ne4 f5
21. Ng5 Rde8 22. Rde1 Qf6 23. gxf5 exf5 24. c4 Nc7 25. d5 Rxe1+ 26. Rxe1 Rxh4
27. Ne6 Nxe6 28. dxe6 Rh7 29. Qf4 Qe7 30. Qd2 Kc7 31. Qa5 Kb8 32. Qe5+ Kc8 33.
c5 Na8 34. Rd1 Qc7 35. Qf6 Qe7 36. Qxg6 Rg7 37. Rd8+ Kxd8 38. Qxf5 Qg5+ 39.
Qxg5+ Rxg5 40. Kd2 Rxc5 41. Kd3 Ke7 42. Kd4 Rh5 43. Bd1 Rg5 44. Bb3 Nc7 45. a4
Nxe6+ 46. Kc4 Rg2 47. Kc3 Nc5 48. Bd1 Kd6 49. b4 Rg3+ 50. Kd4 Ne6+ 51. Kc4 Rh3
52. b5 cxb5+ 53. axb5 Nc7 54. Be2 Rh4+ 55. Kb3 Kc5 56. Bf1 Nxb5 57. Bg2 Nd6 58.
Kc3 a5 59. Bf1 b5 60. Bd3 Rh3 61. Kc2 a4 62. Bg6 b4 63. Kb2 a3+ 64. Ka1 b3 65.
Bb1 Nb5 66. Bf5 Rh2 67. Bd3 Nd4 68. Bb1 Nc2+ 69. Bxc2 Rxc2 70. Kb1 Rb2+ 71. Kc1
Kb4 72. Kd1 a2 73. Kc1 a1=Q# 0-1

[Event "3o Piacenza Chess Festival - Open C"]
[Site "Piacenza ITA"]
[Date "2025.10.24"]
[Round "2.8"]
[White "BERGONZI, Andrea"]
[Black "POCI, Sara Angela Maria"]
[Result "1-0"]
[WhiteElo "1598"]
[BlackElo "1399"]
[PlyCount "49"]
[EventDate "2025.10.24"]

1. e4 e5 2. Nf3 Nc6 3. Bc4 Bc5 4. c3 f6 5. Bb3 Nge7 6. d3 d6 7. Nbd2 Na5 8. Bc2
Nac6 9. a4 Be6 10. b4 Bxf2+ 11. Kxf2 d5 12. Rf1 h6 13. exd5 Bxd5 14. b5 Na5 15.
Ne4 Qd7 16. Be3 O-O-O 17. c4 Bf7 18. Qe1 b6 19. Nc5 Qd6 20. Na6 g5 21. c5 Qe6
22. cxb6 axb6 23. Rc1 Nb3 24. Bxb3 Qxb3 25. Rxc7# 1-0

[Event "3o Piacenza Chess Festival - Open C"]
[Site "Piacenza ITA"]
[Date "2025.10.24"]
[Round "2.10"]
[White "ADINOLFI, Filippo"]
[Black "MARTINO, Gianluca"]
[Result "1-0"]
[WhiteElo "1629"]
[BlackElo "1560"]
[PlyCount "51"]
[EventDate "2025.10.24"]

1. c4 c5 2. Nc3 Nf6 3. g3 d6 4. Bg2 a6 5. e3 Qc7 6. Nge2 Nc6 7. O-O Bf5 8. e4
Bg6 9. d3 h6 10. Nf4 e6 11. Nxg6 fxg6 12. Bh3 e5 13. f4 Be7 14. Be6 Nd4 15. Nd5
Nxd5 16. Bxd5 O-O-O 17. Be3 h5 18. fxe5 dxe5 19. Bxd4 Rxd5 20. cxd5 exd4 21. b4
Bd6 22. bxc5 Bxc5 23. Rc1 b6 24. Qa4 Kb7 25. d6 Qxd6 26. Rf7+ 1-0